|
|
|
|
| LEADER |
01212nam a22002537a 4500 |
| 001 |
31993 |
| 003 |
BD-DhAAL |
| 005 |
20171120113502.0 |
| 008 |
171120s2014 bg ||||| |||| 00| 0 ben d |
| 999 |
|
|
|c 38580
|d 38580
|
| 020 |
|
|
|a 9789849114413
|
| 040 |
|
|
|a BD-DhAAL
|
| 082 |
|
|
|2 20
|a 327.2092
|
| 100 |
|
|
|a খান, গোলাম রহমান
|9 23780
|
| 245 |
|
|
|a সুপ্ত স্মৃতি /
|b একটি সমৃদ্ধ যুগের স্মৃতি, একটি কর্মমুখর জীবনের কাহিনী /
|c গোলাম রহমান খান
|
| 260 |
|
|
|a ঢাকা ;
|b শ্রাবণ প্রকাশনী,
|c ২০১৪
|
| 300 |
|
|
|a ১০৪ পৃষ্ঠা :
|b চিত্র ;
|c ২২ সে.মি.
|
| 526 |
|
|
|a AAL
|
| 541 |
|
|
|a Complementary copy from Author
|e 31993
|
| 650 |
|
|
|a Diplomats
|x Biography.
|z Bangladesh
|9 23781
|
| 650 |
|
|
|a Politics and government
|z Bangladesh
|9 23782
|
| 852 |
|
|
|a Ayesha Abed Library
|c General Stacks
|
| 942 |
|
|
|2 ddc
|c BK
|
| 952 |
|
|
|0 0
|1 0
|2 ddc
|4 0
|6 327_209200000000000_KHA
|7 0
|9 61893
|a BRACUL
|b BRACUL
|c GEN
|d 2017-11-20
|e Complementary copy
|l 5
|m 49
|o 327.2092 KHA
|p 3010031993
|r 2025-04-08
|s 2025-01-05
|t 1
|w 2017-11-20
|y BK
|